Loading...
| Fine Arts - Classical Music | 1 | 10.00 | 100% | 0% | 0% |
| Fine Arts - Other Fine Arts | 2 | 5.00 | 50% | 0% | 0% |
| Fine Arts - Painting and Sculpture | 4 | 10.00 | 75% | 25% | 0% |
| History - American History | 2 | 15.00 | 100% | 50% | 0% |
| History - European History | 2 | 20.00 | 100% | 100% | 0% |
| History - Other History | 1 | 0.00 | 0% | 0% | 0% |
| History - World History | 3 | 13.33 | 67% | 67% | 0% |
| Literature - American Literature | 3 | 10.00 | 100% | 0% | 0% |
| Literature - British Literature | 4 | 7.50 | 75% | 0% | 0% |
| Literature - European Literature | 6 | 8.33 | 83% | 0% | 0% |
| Literature - World Literature | 1 | 0.00 | 0% | 0% | 0% |
| Mythology | 3 | 10.00 | 100% | 0% | 0% |
| Other Academic | 1 | 10.00 | 100% | 0% | 0% |
| Philosophy | 2 | 5.00 | 50% | 0% | 0% |
| Pop Culture | 1 | 10.00 | 0% | 100% | 0% |
| Religion | 3 | 10.00 | 100% | 0% | 0% |
| Science - Biology | 2 | 10.00 | 50% | 50% | 0% |
| Science - Chemistry | 7 | 10.00 | 86% | 14% | 0% |
| Science - Other Science | 2 | 5.00 | 50% | 0% | 0% |
| Science - Physics | 2 | 5.00 | 50% | 0% | 0% |
| Social Science | 3 | 10.00 | 67% | 33% | 0% |